[Event "42nd Olympiad 2016"]
[Site "Baku AZE"]
[Date "2016.09.09"]
[Round "7.40"]
[Board "2"]
[White "Adly, Ahmed"]
[Black "Makolli, Perparim"]
[Result "1-0"]
[WhiteTitle "GM"]
[WhiteElo "2603"]
[BlackElo "2289"]
[WhiteTeam "Egypt"]
[BlackTeam "Kosovo"]
[WhiteFideId "10601619"]
[BlackFideId "908630"]
[EventDate "2016.09.02"]

1. c4 c5 2. g3 Nc6 3. Bg2 g6 4. Nf3 Bg7 5. O-O d6 6. Nc3 e6 7. a3 Nge7 8. b4 b6
9. Bb2 Bb7 10. Qb1 O-O 11. Ne4 e5 12. d3 Qd7 13. Nfd2 f5 14. Nc3 Nd4 15. e3 Bxg2
16. Kxg2 Ne6 17. Nd5 Nxd5 18. cxd5 Nc7 19. e4 fxe4 20. dxe4 Bh6 21. Nc4 cxb4 22.
axb4 Nb5 23. Qd3 Rac8 24. Na3 Nxa3 25. Rxa3 Rc7 26. Bc3 Qf7 27. b5 Qd7 28. Bb4
Rfc8 29. Rfa1 Bf8 30. Bd2 Rb7 31. R1a2 Rcc7 32. Rb3 Bg7 33. Raa3 Rc8 34. Rc3 Rc5
35. Rab3 Rbc7 36. Be3 Rxc3 37. Rxc3 Rxc3 38. Qxc3 Bf8 39. Qc6 Qe7 40. h4 Qd8 41.
Qb7 Qe7 42. Qc8 Kg7 43. Bg5 Qf7 44. Qe6 h5 45. f3 Kg8 46. Bf6 Qxe6 47. dxe6 Bh6
48. Kf2 Kf8 49. Ke2 1-0

[Event "42nd Olympiad 2016"]
[Site "Baku AZE"]
[Date "2016.09.09"]
[Round "7.40"]
[Board "3"]
[White "Ermeni, Avni"]
[Black "Fawzy, Adham"]
[Result "1-0"]
[WhiteTitle "FM"]
[BlackTitle "IM"]
[WhiteElo "2270"]
[BlackElo "2451"]
[WhiteTeam "Kosovo"]
[BlackTeam "Egypt"]
[WhiteFideId "912840"]
[BlackFideId "10613129"]
[EventDate "2016.09.02"]

1. d4 Nf6 2. Nf3 e6 3. c4 b6 4. g3 Bb7 5. Bg2 Be7 6. O-O O-O 7. d5 exd5 8. Nh4
c6 9. cxd5 Nxd5 10. Nf5 Nc7 11. Nc3 d5 12. e4 Nba6 13. Bf4 Nc5 14. exd5 cxd5 15.
Qg4 Bf6 16. Rad1 N5e6 17. Bd6 h5 18. Qxh5 g6 19. Qg4 Bc8 20. Nxd5 Nxd5 21. Bxd5
Ng5 22. Nh6+ Kh7 23. Qb4 a5 24. Qa3 Ba6 25. Ng4 Bxf1 26. Kxf1 Bg7 27. Bxf8 Qxf8
28. Qe3 Ne6 29. Bxa8 Qxa8 30. Rd7 Qh1+ 31. Ke2 Qc6 32. Qd3 Nc5 33. Rd6 Qe8+ 34.
Qe3 Qb5+ 35. Kf3 Qxb2 36. Qe2 Qb4 37. Kg2 Ne4 38. Rd7 f5 39. Ne3 Qa4 40. Rc7 Nc3
41. Qc4 Qxc4 42. Nxc4 b5 43. Nxa5 Nxa2 44. Rb7 Nc3 45. Nc6 Kh6 46. Na7 f4 47.
Nxb5 Ne4 48. Nc7 Nd2 49. gxf4 Ne4 50. Ne6 Bf6 51. Kf3 Nd6 52. Rd7 Nf5 53. Kg4
Bc3 54. Rd3 1-0

[Event "42nd Olympiad 2016"]
[Site "Baku AZE"]
[Date "2016.09.09"]
[Round "7.40"]
[Board "4"]
[White "Ameir, Moheb"]
[Black "Fejzullahu, Afrim"]
[Result "1/2-1/2"]
[WhiteTitle "IM"]
[BlackTitle "FM"]
[WhiteElo "2431"]
[BlackElo "2298"]
[WhiteTeam "Egypt"]
[BlackTeam "Kosovo"]
[WhiteFideId "10600620"]
[BlackFideId "905631"]
[EventDate "2016.09.02"]

1. e4 e5 2. Nf3 Nc6 3. Bc4 Bc5 4. c3 Nf6 5. d3 d6 6. Bb3 O-O 7. h3 a6 8. O-O Ba7
9. Bg5 Be6 10. Nbd2 Bxb3 11. axb3 Kh8 12. Nc4 h6 13. Be3 Bxe3 14. Nxe3 Nd7 15.
b4 Ne7 16. Qe2 c6 17. d4 Qc7 18. dxe5 dxe5 19. g3 Rae8 20. Rad1 b5 21. Ra1 Ra8
22. Ng4 f6 23. Rfd1 Rfd8 24. Rd3 Nf8 25. Rxd8 Qxd8 26. Qd2 Qxd2 27. Nxd2 Ne6 28.
Nb3 Kg8 29. h4 Kf7 30. Ne3 g6 31. f3 h5 32. Kf2 f5 33. Nc2 f4 34. gxf4 Nxf4 35.
Rd1 g5 36. hxg5 Rg8 37. Rh1 Rxg5 38. Ne1 Ne6 39. Nd3 Ng6 40. Nbc5 Nxc5 41. bxc5
a5 42. b3 Ke6 43. Ra1 Nf4 44. Ke3 Nxd3 45. Kxd3 h4 46. Rxa5 h3 47. Ra1 h2 48.
Rh1 Rg2 49. b4 Kf6 50. c4 bxc4+ 51. Kxc4 Kg5 52. b5 cxb5+ 53. Kxb5 Kf4 54. Kc4
Kxf3 55. Kd5 Kf4 56. Rf1+ Kg3 57. Rh1 Rc2 58. Kxe5 Rxc5+ 59. Kd6 Rc2 60. e5 Rd2+
61. Ke7 Kg2 62. Rxh2+ Kxh2 63. e6 Kg3 64. Kf6 Rf2+ 65. Kg6 1/2-1/2

[Event "42nd Olympiad 2016"]
[Site "Baku AZE"]
[Date "2016.09.09"]
[Round "7.41"]
[Board "1"]
[White "Rozentalis, Eduardas"]
[Black "Machin Rivera, Mark"]
[Result "1-0"]
[WhiteTitle "GM"]
[BlackTitle "IM"]
[WhiteElo "2565"]
[BlackElo "2339"]
[WhiteTeam "Lithuania"]
[BlackTeam "Puerto Rico"]
[WhiteFideId "12800023"]
[BlackFideId "3101126"]
[EventDate "2016.09.02"]

1. e4 g6 2. d4 Bg7 3. Nc3 d6 4. Nf3 a6 5. Be3 b5 6. Bd3 Nd7 7. O-O Bb7 8. Re1
Ngf6 9. Bg5 h6 10. Bxf6 Bxf6 11. a4 bxa4 12. Rxa4 O-O 13. Qd2 Bg7 14. Rea1 a5
15. Ne2 c5 16. c3 Nb6 17. R4a2 Qc7 18. d5 Rfb8 19. h4 Bc8 20. h5 g5 21. Ng3 Bf6
22. Qe3 Kf8 23. Nh2 Be5 24. Ne2 Nd7 25. g3 Bg7 26. f4 gxf4 27. gxf4 c4 28. Bc2
Rb5 29. Nf3 Nf6 30. Nfd4 Qb6 31. Kh1 Bg4 32. Rg1 Bxe2 33. Qxe2 Rxb2 34. Rxb2
Qxb2 35. e5 Ne8 36. Nf5 Qxc3 37. Qg2 a4 38. Nxg7 e6 39. Nxe8 Kxe8 40. dxe6 Ke7
41. Qb7+ Kxe6 42. f5+ Kxe5 43. Qe7+ Kd5 44. Rd1+ Kc6 45. Rxd6+ Kb5 46. Qb7+ Ka5
47. Rd5# 1-0

[Event "42nd Olympiad 2016"]
[Site "Baku AZE"]
[Date "2016.09.09"]
[Round "7.41"]
[Board "2"]
[White "Almedina Ortiz, Edgardo J."]
[Black "Laurusas, Tomas"]
[Result "0-1"]
[WhiteTitle "FM"]
[BlackTitle "IM"]
[WhiteElo "2215"]
[BlackElo "2437"]
[WhiteTeam "Puerto Rico"]
[BlackTeam "Lithuania"]
[WhiteFideId "3100197"]
[BlackFideId "12803731"]
[EventDate "2016.09.02"]

1. e4 c5 2. Nf3 e6 3. b3 Nc6 4. Bb2 d6 5. Bb5 Bd7 6. O-O a6 7. Bxc6 Bxc6 8. Re1
b5 9. d4 cxd4 10. Nxd4 Bb7 11. a4 b4 12. Qd2 Nf6 13. Qxb4 Rb8 14. Qc4 Nxe4 15.
f3 Nf6 16. Nxe6 fxe6 17. Rxe6+ Kd7 18. Bxf6 gxf6 19. Re3 d5 20. Qg4+ Kc7 21. Kh1
Bc6 22. Nd2 Bh6 23. Re2 Re8 24. Rxe8 Qxe8 25. Nf1 Qe5 26. Rd1 Re8 27. Qh4 Qf4
28. Qf2 Qb4 29. h3 Kb7 30. Ng3 Be3 31. Qf1 Qf4 32. Ne2 Qh4 33. g3 Qh5 34. Nd4
Bd7 35. g4 Qe5 36. Qd3 Qg3 37. Qxh7 Re7 38. Qh5 Bxd4 0-1

[Event "42nd Olympiad 2016"]
[Site "Baku AZE"]
[Date "2016.09.09"]
[Round "7.41"]
[Board "3"]
[White "Malisauskas, Vidmantas"]
[Black "Sosa Trani, Luis"]
[Result "1-0"]
[WhiteTitle "GM"]
[BlackTitle "FM"]
[WhiteElo "2434"]
[BlackElo "2051"]
[WhiteTeam "Lithuania"]
[BlackTeam "Puerto Rico"]
[WhiteFideId "12800031"]
[BlackFideId "3100022"]
[EventDate "2016.09.02"]

1. Nf3 c5 2. e4 g6 3. d4 cxd4 4. Nxd4 Nc6 5. c4 Nf6 6. Nc3 d6 7. Be2 Nxd4 8.
Qxd4 Bg7 9. Be3 O-O 10. Qd2 Be6 11. Rc1 Qa5 12. f3 Rfc8 13. b3 a6 14. Na4 Qxd2+
15. Kxd2 Nd7 16. g4 f5 17. exf5 gxf5 18. h3 Rf8 19. f4 Rad8 20. Nb6 Nf6 21. g5
Ne4+ 22. Kc2 Ng3 23. Rhe1 Nxe2 24. Rxe2 d5 25. Bc5 Bf7 26. Bxe7 dxc4 27. bxc4
Rfe8 28. Rce1 Rd4 29. Bf6 Rxe2+ 30. Rxe2 Bxf6 31. gxf6 Rd6 32. Rg2+ Kf8 33. c5
Rc6 34. Kd3 Ke8 35. Re2+ Be6 36. Nc4 Kf8 37. Nd6 1-0

[Event "42nd Olympiad 2016"]
[Site "Baku AZE"]
[Date "2016.09.09"]
[Round "7.41"]
[Board "4"]
[White "Davila Blanco, Juan Jose"]
[Black "Pultinevicius, Paulius"]
[Result "0-1"]
[WhiteTitle "CM"]
[WhiteElo "1904"]
[BlackElo "2351"]
[WhiteTeam "Puerto Rico"]
[BlackTeam "Lithuania"]
[WhiteFideId "3102378"]
[BlackFideId "12809390"]
[EventDate "2016.09.02"]

1. d4 Nf6 2. Nf3 c5 3. d5 b5 4. Bg5 Qb6 5. Nc3 b4 6. Na4 Qa5 7. Bxf6 gxf6 8. b3
f5 9. e4 fxe4 10. Ng5 Qc7 11. d6 Qxd6 12. Qxd6 exd6 13. Nxe4 Bb7 14. f3 Bxe4 15.
fxe4 Bg7 16. O-O-O Ke7 17. Bc4 Nc6 18. Rhf1 Raf8 19. Rd5 Be5 20. h3 h5 21. Rd2
Bd4 22. Kb1 Ne5 23. Bd5 Rfg8 24. Nb2 Bxb2 25. Kxb2 Rg7 26. Rff2 Rhg8 27. Kc1 a5
28. Kb2 Rg5 29. Kc1 R8g7 30. Kb2 Ng6 31. Bc4 Nf8 32. Rd5 Rxg2 33. Rxg2 Rxg2 34.
Rxh5 Ne6 35. Rh7 Rf2 36. h4 Nd4 37. Bd3 a4 38. h5 a3+ 39. Kc1 Ne2+ 40. Bxe2 Rxe2
41. h6 Rxe4 42. Kd2 Kf6 43. Rh8 Kg6 44. h7 Re7 0-1

[Event "42nd Olympiad 2016"]
[Site "Baku AZE"]
[Date "2016.09.09"]
[Round "7.42"]
[Board "1"]
[White "Rodriguez Vila, Andres"]
[Black "Kayonde, Andrew"]
[Result "1-0"]
[WhiteTitle "GM"]
[BlackTitle "IM"]
[WhiteElo "2453"]
[BlackElo "2422"]
[WhiteTeam "Uruguay"]
[BlackTeam "Zambia"]
[WhiteFideId "3000010"]
[BlackFideId "8700281"]
[EventDate "2016.09.02"]

1. e4 c6 2. d4 d5 3. e5 Bf5 4. h4 h5 5. Bd3 Bxd3 6. Qxd3 e6 7. Bg5 Be7 8. Nf3
Qa5+ 9. Nbd2 Bxg5 10. hxg5 Ne7 11. g4 g6 12. gxh5 gxh5 13. Nh4 Rg8 14. Rg1 c5
15. c3 cxd4 16. Nb3 Qc7 17. cxd4 Nbc6 18. Qh7 Qb6 19. O-O-O Nb4 20. Kb1 Qa6 21.
a3 Qc4 22. Rg3 Qe2 23. Rdg1 Nbc6 24. Rf3 Rf8 25. Qxh5 O-O-O 26. Qg4 Qe4+ 27. Ka2
Kb8 28. Rf4 Qd3 29. Rc1 b6 30. Qf3 Qxf3 31. Rxf3 Rh8 32. Ng2 Rh7 33. Ne3 a5 34.
Rf4 Rg8 35. Rg1 Ng6 36. Rfg4 Rh2 37. R1g2 Rh1 38. Nd2 Rgh8 39. Nf3 a4 40. Rg1
Kc7 41. Nc2 Na5 42. Rxh1 Rxh1 43. Rg1 Rh5 44. Rg3 Nb3 45. Rg4 Nc1+ 46. Kb1 Nd3
47. Rg2 Rh1+ 48. Rg1 Rxg1+ 49. Nxg1 Nxf2 50. Nf3 Ne4 51. Ne3 Nf4 52. Nd1 Nh3 53.
Kc2 b5 54. Kd3 Kc6 55. Nc3 Nhxg5 56. Nxg5 Nxg5 57. Ke3 Nh7 58. Kf4 Nf8 59. Kg5
Nd7 60. Na2 Kc7 61. Nb4 Kb7 62. Kh6 f6 63. exf6 Nxf6 64. Kg6 Ng4 65. Kg5 Ne3 66.
Kf6 Nc4 67. Nd3 b4 68. Nxb4 Nxb2 69. Kxe6 Nc4 70. Nxd5 Nxa3 71. Nc3 Nb5 72. Nxb5
Kb6 73. Nc3 1-0

[Event "42nd Olympiad 2016"]
[Site "Baku AZE"]
[Date "2016.09.09"]
[Round "7.42"]
[Board "2"]
[White "Phiri, Richmond"]
[Black "Roselli Mailhe, Bernardo"]
[Result "0-1"]
[WhiteTitle "IM"]
[BlackTitle "IM"]
[WhiteElo "2342"]
[BlackElo "2434"]
[WhiteTeam "Zambia"]
[BlackTeam "Uruguay"]
[WhiteFideId "8700443"]
[BlackFideId "3000028"]
[EventDate "2016.09.02"]

1. d4 Nf6 2. Nf3 g6 3. c4 Bg7 4. Nc3 d6 5. e4 O-O 6. Be2 e5 7. O-O Nbd7 8. Re1
c6 9. Rb1 Re8 10. d5 Nc5 11. Bf1 a5 12. b3 cxd5 13. cxd5 Bd7 14. Nd2 Qe7 15. a3
Reb8 16. a4 Ne8 17. Nc4 b6 18. b4 Nxa4 19. Nxa4 Bxa4 20. Qxa4 b5 21. Qc2 bxc4
22. b5 Nf6 23. Qxc4 Qd8 24. h3 Nd7 25. Be3 Bf8 26. Rec1 Nc5 27. Rc2 Be7 28. Ra2
Qc7 29. Rba1 Bd8 30. Bd2 Nb7 31. Qe2 Qe7 32. Rc1 Nc5 33. Ra3 Bb6 34. Rca1 Qd8
35. g4 Qh4 36. Be1 Kh8 37. Kg2 Qd8 38. f3 Ra7 39. Bf2 Rba8 40. Qc2 Rc8 41. Qb1
Nd7 42. R1a2 Bxf2 43. Rxf2 Qb6 44. Rc2 Rxc2+ 45. Qxc2 Nc5 46. Ra2 Kg7 47. Qb1
Ra8 48. Qc2 Rh8 49. Qd2 a4 50. Qe3 h5 51. g5 h4 52. Be2 Ra8 53. Bf1 Qd8 54. Kh1
Rb8 55. Kg2 Qa5 56. Qd2 Qxd2+ 57. Rxd2 Kf8 58. Kf2 Ke7 59. Ke3 Kd8 60. f4 exf4+
61. Kxf4 Nd7 62. Ra2 Ra8 63. Ke3 Kc7 64. Kd4 Kb6 65. Be2 a3 66. Kc3 Nc5 67. Bf3
Kxb5 68. Be2+ Kb6 69. Bf3 Ra4 70. Kc2 Nxe4 71. Bxe4 Rxe4 72. Rxa3 Re5 73. Rf3
Rf5 74. Rb3+ Kc5 75. Rb8 Rxg5 76. Rh8 Rg2+ 0-1

[Event "42nd Olympiad 2016"]
[Site "Baku AZE"]
[Date "2016.09.09"]
[Round "7.42"]
[Board "3"]
[White "Rodi, Luis Ernesto"]
[Black "Mwali, Chitumbo"]
[Result "0-1"]
[WhiteTitle "IM"]
[BlackTitle "IM"]
[WhiteElo "2340"]
[BlackElo "2335"]
[WhiteTeam "Uruguay"]
[BlackTeam "Zambia"]
[WhiteFideId "101710"]
[BlackFideId "8700265"]
[EventDate "2016.09.02"]

1. e4 d6 2. d4 Nf6 3. Nc3 e5 4. Nf3 Nbd7 5. h3 Be7 6. Be3 O-O 7. g4 c6 8. g5 Ne8
9. Qd2 b5 10. O-O-O b4 11. Ne2 Qa5 12. Kb1 c5 13. dxe5 Nxe5 14. Nxe5 dxe5 15.
Nc1 Be6 16. c4 bxc3 17. Qxc3 Qxc3 18. bxc3 c4 19. Kc2 Ba3 20. Ne2 Nd6 21. Ng3
Rab8 22. Bc1 Nb5 23. Be3 Be7 24. Rd2 g6 25. Bg2 Na3+ 26. Kd1 Nb1 27. Rc2 Rfd8+
28. Ke2 Rd3 29. Re1 Rxc3 30. Rxc3 Nxc3+ 31. Kf3 Nxa2 32. Ra1 c3 33. Bxa7 Rb3 34.
Be3 c2 35. Rg1 c1=Q 36. Rxc1 Nxc1 37. h4 Bc5 0-1

[Event "42nd Olympiad 2016"]
[Site "Baku AZE"]
[Date "2016.09.09"]
[Round "7.42"]
[Board "4"]
[White "Chumfwa, Kelvin"]
[Black "Larrea, Manuel"]
[Result "1-0"]
[WhiteTitle "IM"]
[BlackTitle "FM"]
[WhiteElo "2240"]
[BlackElo "2279"]
[WhiteTeam "Zambia"]
[BlackTeam "Uruguay"]
[WhiteFideId "8700435"]
[BlackFideId "3000508"]
[EventDate "2016.09.02"]

1. d4 Nf6 2. Nc3 c5 3. Bg5 cxd4 4. Qxd4 Nc6 5. Qd2 e6 6. e4 h6 7. Bh4 Nxe4 8.
Nxe4 Qxh4 9. Bd3 d5 10. Nf3 Qd8 11. Ng3 g6 12. O-O Bg7 13. c3 O-O 14. Rad1 e5
15. Bb5 e4 16. Bxc6 bxc6 17. Nd4 Qb6 18. b4 a5 19. a3 axb4 20. axb4 Ba6 21. Rfe1
Rae8 22. Ra1 Bc4 23. Ra5 f5 24. Rc5 Rf6 25. h4 Bf8 26. h5 Bxc5 27. bxc5 Qxc5 28.
Qxh6 Qf8 29. Qg5 f4 30. Ngf5 c5 31. Nh6+ Kh7 32. Ng4 Rfe6 33. hxg6+ Rxg6 34.
Qh5+ Kg7 35. Nf5+ Kf7 36. Ra1 Re6 37. Ra7+ Kg8 1-0

[Event "42nd Olympiad 2016"]
[Site "Baku AZE"]
[Date "2016.09.09"]
[Round "7.43"]
[Board "1"]
[White "Atabayev, Maksat"]
[Black "Gonzalez Acosta, Bernal"]
[Result "1/2-1/2"]
[WhiteTitle "GM"]
[BlackTitle "GM"]
[WhiteElo "2485"]
[BlackElo "2481"]
[WhiteTeam "Turkmenistan"]
[BlackTeam "Costa Rica"]
[WhiteFideId "14001101"]
[BlackFideId "6500170"]
[EventDate "2016.09.02"]

1. e4 c5 2. Nf3 d6 3. c3 Nf6 4. h3 g6 5. Bd3 Bg7 6. O-O O-O 7. Bc2 Nc6 8. a3 e5
9. b4 a6 10. d3 h6 11. Be3 b6 12. Nbd2 Nh5 13. Bb3 Rb8 14. Rb1 Nf4 15. d4 cxd4
16. cxd4 g5 17. dxe5 dxe5 18. Nc4 Qxd1 19. Bxd1 b5 20. Nd6 Rd8 21. Nxc8 Rbxc8
22. g3 Ne6 23. h4 Bf6 24. hxg5 Bxg5 25. Nxg5 hxg5 26. Bg4 Ncd4 27. Rfc1 Rc4 28.
Rd1 Kg7 29. Kg2 Kf6 30. Bxe6 fxe6 31. Rh1 Kg6 32. Rbd1 Rcc8 33. g4 Ne2 34. Rxd8
Rxd8 35. Ra1 Nf4+ 36. Kg1 1/2-1/2

[Event "42nd Olympiad 2016"]
[Site "Baku AZE"]
[Date "2016.09.09"]
[Round "7.43"]
[Board "2"]
[White "Valdes Romero, Leonardo"]
[Black "Atabayev, Yusup"]
[Result "0-1"]
[WhiteTitle "IM"]
[BlackTitle "IM"]
[WhiteElo "2387"]
[BlackElo "2453"]
[WhiteTeam "Costa Rica"]
[BlackTeam "Turkmenistan"]
[WhiteFideId "6500331"]
[BlackFideId "14001128"]
[EventDate "2016.09.02"]

1. Nf3 c5 2. c4 Nc6 3. Nc3 e5 4. g3 g6 5. Bg2 Bg7 6. a3 a5 7. d3 Nge7 8. O-O d6
9. Ne1 Be6 10. Nc2 d5 11. cxd5 Nxd5 12. Ne3 Nde7 13. Nc4 O-O 14. Be3 b6 15. Qa4
Bd7 16. Qb3 Rb8 17. a4 Nf5 18. Nb5 Nb4 19. Qd1 Nxe3 20. Nxe3 Be6 21. Nc3 f5 22.
Qb1 Qd7 23. Ra3 Rfd8 24. Re1 Qf7 25. Nc2 Bh6 26. Nb5 Ba2 27. Rxa2 Nxa2 28. Nca3
Nb4 29. Nc4 e4 30. b3 exd3 31. exd3 Bg7 32. Bf1 Nc6 33. Bg2 Nd4 34. Ncd6 Qf6 35.
Nxd4 Qxd4 36. Nc4 Re8 37. Qd1 Rxe1+ 38. Qxe1 Qa1 39. Kf1 Qxe1+ 40. Kxe1 b5 41.
axb5 Rxb5 42. Nd6 Bc3+ 43. Kd1 Rb8 44. Kc2 Bb4 45. f4 Kg7 46. Nc4 Rd8 47. Ne5 h5
48. Bc6 Rd6 49. Bf3 Be1 50. Bb7 Rb6 51. Bd5 Bf2 52. Nf3 Bd4 53. Nd2 Ra6 54. Bc4
Ra7 55. Bb5 Re7 56. Kd1 Bc3 57. Nf3 Re3 58. Ng5 Re1+ 59. Kc2 Bd4 60. Nf3 Ra1 61.
Bc6 Kf6 62. Be8 Ra2+ 63. Kd1 Bg1 0-1

[Event "42nd Olympiad 2016"]
[Site "Baku AZE"]
[Date "2016.09.09"]
[Round "7.43"]
[Board "3"]
[White "Atabayev, Saparmyrat"]
[Black "Murillo Tsijli, Alexis"]
[Result "1-0"]
[WhiteTitle "FM"]
[BlackTitle "IM"]
[WhiteElo "2406"]
[BlackElo "2272"]
[WhiteTeam "Turkmenistan"]
[BlackTeam "Costa Rica"]
[WhiteFideId "14000571"]
[BlackFideId "6500218"]
[EventDate "2016.09.02"]

1. e4 e6 2. d4 d5 3. Nc3 Nf6 4. e5 Nfd7 5. f4 c5 6. Nf3 Nc6 7. Be3 a6 8. Qd2 b5
9. a3 Rb8 10. Rd1 b4 11. axb4 cxd4 12. Nxd4 Nxd4 13. Bxd4 Bxb4 14. Qe3 Qc7 15.
Be2 Bc5 16. b3 Rb4 17. Bf3 Bxd4 18. Rxd4 Rxd4 19. Qxd4 O-O 20. Kd2 Bb7 21. Kc1
Bc6 22. Re1 Rc8 23. g4 a5 24. Re3 a4 25. b4 a3 26. Na2 Ra8 27. Be2 Ra4 28. Rc3
Qb7 29. Qe3 Bb5 30. Bd3 d4 31. Qe4 Qxe4 32. Rc8+ Nf8 33. Bxe4 g6 34. Kd2 Kg7 35.
Bd3 Bxd3 36. Kxd3 Nd7 37. Kxd4 Nb6 38. Rb8 Nd5 39. f5 gxf5 40. gxf5 Ra7 41. c4
Nf4 42. Ke4 Nh3 43. f6+ Kh6 44. Rd8 Kh5 45. c5 Kg4 46. c6 1-0

[Event "42nd Olympiad 2016"]
[Site "Baku AZE"]
[Date "2016.09.09"]
[Round "7.43"]
[Board "4"]
[White "Chinchilla Miranda, Eugenio"]
[Black "Odeev, Handszar"]
[Result "0-1"]
[WhiteTitle "FM"]
[BlackTitle "GM"]
[WhiteElo "2214"]
[BlackElo "2401"]
[WhiteTeam "Costa Rica"]
[BlackTeam "Turkmenistan"]
[WhiteFideId "6500072"]
[BlackFideId "14000091"]
[EventDate "2016.09.02"]

1. d4 Nf6 2. c4 g6 3. Nc3 d5 4. Nf3 Bg7 5. Qb3 dxc4 6. Qxc4 O-O 7. e4 Be6 8. Qd3
Bg4 9. Ng5 c5 10. d5 h6 11. h3 Bc8 12. Nf3 e6 13. Be3 exd5 14. exd5 Na6 15. Qd2
Nb4 16. Bc4 b5 17. Bxb5 Nfxd5 18. Bxc5 Nxc3 19. bxc3 Qxd2+ 20. Kxd2 Rd8+ 21. Nd4
Rb8 22. Ba4 Na6 23. Be7 Rd5 24. Bb3 Rd7 25. Ba3 Bb7 26. f3 Rc8 27. Rac1 Nc5 28.
Rhe1 h5 29. Rcd1 a5 30. Bxc5 Rxc5 31. Re8+ Kh7 32. Rde1 Bh6+ 33. Ke2 Rxc3 34.
Rd1 Ba6+ 35. Kf2 Bc4 36. Ne2 Rxd1 37. Bxd1 Ra3 38. Bb3 Bxb3 39. axb3 Rxb3 40.
Ra8 Be3+ 41. Kg3 Rb2 42. Nc3 h4+ 0-1

[Event "42nd Olympiad 2016"]
[Site "Baku AZE"]
[Date "2016.09.09"]
[Round "7.44"]
[Board "1"]
[White "Yee, Soon Wei"]
[Black "Adianto, Utut"]
[Result "0-1"]
[WhiteTitle "FM"]
[BlackTitle "GM"]
[WhiteElo "2293"]
[BlackElo "2556"]
[WhiteTeam "Brunei"]
[BlackTeam "Indonesia"]
[WhiteFideId "10500553"]
[BlackFideId "7100019"]
[EventDate "2016.09.02"]

1. e4 c5 2. Nf3 e6 3. c4 Nc6 4. Nc3 Nge7 5. Be2 Nd4 6. Nxd4 cxd4 7. Nb5 Nc6 8.
O-O a6 9. Na3 Be7 10. d3 O-O 11. Rb1 b5 12. cxb5 axb5 13. Nxb5 Rxa2 14. Na3 Qb6
15. Nc4 Qb8 16. b4 Ba6 17. Bf3 Bxc4 18. dxc4 Rc8 19. Qb3 Ra7 20. e5 Qxb4 21.
Bxc6 Qxb3 22. Rxb3 dxc6 23. Bf4 h6 24. h3 Ra2 25. Rb7 Bc5 26. Rd7 g5 27. Bg3 Ra7
28. Rxa7 Bxa7 29. Ra1 Bc5 30. Kf1 d3 31. Ke1 Bb4+ 32. Kd1 Rd8 33. f3 Rd4 34. Rc1
d2 35. Rc2 Rd3 36. Bf2 Rb3 37. Rxd2 Bxd2 38. Kxd2 Rb2+ 39. Ke1 Rc2 40. c5 Kg7
41. Kf1 Kg6 42. g4 Rd2 0-1

[Event "42nd Olympiad 2016"]
[Site "Baku AZE"]
[Date "2016.09.09"]
[Round "7.44"]
[Board "2"]
[White "Ali, Muhammad Lutfi"]
[Black "Pg, Md Omar Ak Hafizon"]
[Result "1-0"]
[WhiteTitle "IM"]
[WhiteElo "2411"]
[BlackElo "2168"]
[WhiteTeam "Indonesia"]
[BlackTeam "Brunei"]
[WhiteFideId "7103743"]
[BlackFideId "10500499"]
[EventDate "2016.09.02"]

1. e4 d6 2. d4 Nf6 3. Bd3 e5 4. c3 Be7 5. Nf3 Nbd7 6. O-O O-O 7. h3 a6 8. Re1 b5
9. Nbd2 Bb7 10. a4 c6 11. Nf1 Ne8 12. Ng3 g6 13. Bh6 Ng7 14. Qd2 Re8 15. Bc2 Qc7
16. Nh2 c5 17. d5 Nf6 18. f4 exf4 19. Qxf4 Ngh5 20. Nxh5 Nxh5 21. Qf2 b4 22.
cxb4 cxb4 23. Ng4 Bc8 24. Rf1 f6 25. Be3 Bxg4 26. hxg4 Ng7 27. Bd3 Qd7 28. Qe2
Bd8 29. Bd4 f5 30. gxf5 gxf5 31. Qf3 fxe4 32. Bxe4 Bg5 33. Rae1 h6 34. Qd3 Rf8
35. Bh7+ Kh8 36. Bf5 Qc7 37. Be6 Qe7 38. Qg6 Rxf1+ 39. Rxf1 Rf8 40. Rxf8+ Qxf8
41. Bxg7+ 1-0

[Event "42nd Olympiad 2016"]
[Site "Baku AZE"]
[Date "2016.09.09"]
[Round "7.44"]
[Board "3"]
[White "Hj, Azahari Md Aliuddin"]
[Black "Taher, Yoseph Theolifus"]
[Result "0-1"]
[WhiteTitle "FM"]
[WhiteElo "2004"]
[BlackElo "2321"]
[WhiteTeam "Brunei"]
[BlackTeam "Indonesia"]
[WhiteFideId "10500324"]
[BlackFideId "7105347"]
[EventDate "2016.09.02"]

1. e4 c5 2. Nf3 Nf6 3. e5 Nd5 4. d4 cxd4 5. Nxd4 Nc6 6. Nxc6 bxc6 7. Bd3 g6 8.
O-O Bg7 9. f4 O-O 10. Kh1 d6 11. exd6 exd6 12. Na3 Re8 13. Qf3 Nb4 14. f5 Nxd3
15. fxg6 hxg6 16. Qxd3 Bf5 17. Qf3 Qh4 18. c3 Be5 19. Bf4 Bxf4 20. Qxf4 Qxf4 21.
Rxf4 Re2 22. g4 Be6 23. b3 Kg7 24. Kg1 Rh8 25. Nc4 d5 26. Na5 Rhxh2 27. Nxc6
Reg2+ 28. Kf1 Bxg4 0-1

[Event "42nd Olympiad 2016"]
[Site "Baku AZE"]
[Date "2016.09.09"]
[Round "7.44"]
[Board "4"]
[White "Sadikin The, Irwanto"]
[Black "Yussof, Pg Abd Rahman"]
[Result "1-0"]
[WhiteTitle "IM"]
[WhiteElo "2327"]
[BlackElo "1927"]
[WhiteTeam "Indonesia"]
[BlackTeam "Brunei"]
[WhiteFideId "7100590"]
[BlackFideId "10500219"]
[EventDate "2016.09.02"]

1. d4 d5 2. Nf3 Nf6 3. c4 dxc4 4. Nc3 e6 5. e3 c6 6. Bxc4 Be7 7. O-O b6 8. Qe2
O-O 9. Rd1 Bb7 10. e4 Re8 11. Bf4 Nbd7 12. Rac1 b5 13. Bd3 Nh5 14. Be3 g6 15. d5
exd5 16. exd5 Bc5 17. Ne4 Bxe3 18. fxe3 Qb6 19. Nd6 Nf4 20. Qf2 Rxe3 21. Bf1 Nf6
22. Nd4 N4xd5 23. Nxb7 Qxb7 24. Rxc6 Qe7 25. Qh4 Re4 26. Qg5 Re5 27. Qc1 Ne3 28.
Re1 Nc4 29. Rxe5 Qxe5 30. Nf3 Qe7 31. Bxc4 bxc4 32. Rxc4 Re8 33. Rc7 Qe2 34. h3
Nd5 35. Rxa7 Ne3 36. Nh4 Nd1 37. Qf4 Qe1+ 38. Kh2 Rf8 39. Nf3 Qf2 40. Re7 Qxb2
41. Rd7 Qe2 42. Rd2 Qe3 43. Qc4 Nf2 44. a4 Ne4 45. Re2 Qf4+ 46. Kg1 Ng3 47. Rc2
Qe3+ 48. Kh2 Ne4 49. Qc7 Nf6 50. a5 Nd5 51. Qe5 Qf4+ 52. Qxf4 Nxf4 53. Nd4 Ra8
54. Ra2 Ra6 55. Nb3 Ne6 56. Rc2 Kf8 57. Rc8+ Ke7 58. Rb8 Nc7 59. Kg3 Rc6 60. Nd4
Rc3+ 61. Kf2 Ra3 62. Rb7 Ra2+ 63. Kf3 Kd6 64. Nb3 h5 65. g3 Ra3 66. Ke4 Ra4+ 67.
Kd3 Ra3 68. Kc3 Ra2 69. Nd2 Nd5+ 70. Kd3 Ra3+ 71. Rb3 Ra1 72. Ke2 Ra2 73. Kd3 f5
74. h4 Kc5 75. Rb8 Nb4+ 76. Ke2 Nd5 77. Rc8+ Kd4 78. Rd8 Kc5 79. Ke1 Ne3 80.
Rc8+ Kb4 81. Ke2 Nd5 82. Rb8+ Ka4 83. a6 Nc3+ 84. Kd3 Nb5 85. Rb7 Ra3+ 86. Ke2
Rxg3 87. a7 Nxa7 88. Rxa7+ Kb5 89. Nf3 Kb4 90. Rd7 Kc3 91. Rd3+ Kb4 92. Kf2 Rg4
93. Rd4+ Kc3 94. Rxg4 fxg4 95. Ne5 Kd4 96. Nxg6 1-0